00758nam a2200229 a 450000100100000000500170001000800410002702000150006804000250008308200210010810000360012924500340016525000110019926000340021030000210024449000170026550000580028259000260034083000260036695201190039299900170051100004338620201002040852.0140312s1985 sp 000 f spa d a8472232158 aDO-SdBNPbspacBNPHU axxxbD952a, 19851 aDuras, Margarite,d1914-97104813aEl amante /cMargarite Duras. a8a ed. aBarcelona :bTusquets,c1985. a146 p. ;c21 cm.1 aAndanzasv15 aIncluye datos biográficos de la autora en la solapa aInventariado, 2019/VM 0aAndanzas ;n15971049 001050718MOaGRbGRcHDd2014-03-12iLF1l0oxxx D952a, 1985p43386-10r2020-06-25w2020-06-25y1ZNo se presta c42875d42875